Normal view
MARC view
- TECHNOLOGY TRANSFER TECHNOLOGY INNOVATIONS
Entry Topical Term
001 - CONTROL NUMBER
- control field: 76849
003 - CONTROL NUMBER IDENTIFIER
- control field: NUST
005 - DATE AND TIME OF LATEST TRANSACTION
- control field: 20210628205727.0
008 - FIXED-LENGTH DATA ELEMENTS
- fixed length control field: 210628|| aca||aabn | a|a d
040 ## - CATALOGING SOURCE
- Original cataloging agency: NUST
- Transcribing agency: NUST
150 ## - HEADING--TOPICAL TERM
- Topical term or geographic name entry element: TECHNOLOGY TRANSFER TECHNOLOGY INNOVATIONS
670 ## - SOURCE DATA FOUND
- Source citation: Work cat.: (NUST): Cooke, Ian Mayes, Paul 76848, Introduction to innovation and technology transfer, 1996
